岩内線の駅 - Statistics

General Stats
  • This quiz has been taken 11 times
  • The average score is 4 of 6
Answer Stats
Answer % Correct
岩内
100%
小沢
80%
前田
60%
西前田
60%
国富
50%
幌似
50%
No matching quizzes found
Score Distribution
Percent of People with Each Score
Percentile by Number Answered
Your Score History
You have not taken this quiz